Statistics for Countries in multi continents

Click here to take the quiz!

General Stats

  • This quiz has been taken 18 times
    (4 since last reset)
  • The average score is 19 of 26

Answer Stats

HintAnswer% Correct
South America and AntarcticaArgentina
100%
Itself and Oceania?... This one is a trick question and If you want, I can remove it.Australia
100%
South America, Antarctica and OceaniaChile
100%
North and South AmericaColombia
100%
Europe and North AmericaDenmark
100%
Africa and AsiaEgypt
100%
Europe, Oceania, South America and AfricaFrance
100%
Asia and OceaniaIndonesia
100%
Europe, North and South AmericaNetherlands
100%
North and South AmericaPanama
100%
Europe, North America and AfricaPortugal
100%
Europe and AsiaRussia
100%
Europe and AsiaTurkey
100%
All ContinentsUnited Kingdom
100%
North America and OceaniaUnited States of America
100%
Europe and AsiaArmenia
50%
Europe and AsiaAzerbaijan
50%
Europe and AsiaCyprus
50%
Europe and AsiaGeorgia
50%
Europe and AsiaGreece
50%
Europe and North AmericaIceland
50%
Europe and AsiaKazakhstan
50%
North and South AmericaVenezuela
50%
Europe and AfricaItaly
0%
North and South AmericaTrinidad and Tobago
0%
Africa and AsiaYemen
0%

Score Distribution

Percentile by Number Answered

Percent of People with Each Score

Your Score History

You have not taken this quiz since the last reset